ARRUPE JESUIT UNIVERSITY

CORONAVIRUS -STOP THE SPREAD - CLEAN,DISINFECT,COVER

Big game hunting in Central Africa (Record no. 124095)

MARC details
000 -LEADER
fixed length control field 00445nam a22001457a 4500
005 - DATE AND TIME OF LATEST TRANSACTION
control field 20160203144624.0
008 - FIXED-LENGTH DATA ELEMENTS--GENERAL INFORMATION
fixed length control field 160203b xxu||||| |||| 00| 0 eng d
050 ## - LIBRARY OF CONGRESS CALL NUMBER
Classification number SPC SK251.D
100 ## - MAIN ENTRY--PERSONAL NAME
Personal name Dunbar-Brunton, James
9 (RLIN) 21980
245 ## - TITLE STATEMENT
Title Big game hunting in Central Africa
Statement of responsibility, etc by Dunbar-Brunton, James
260 ## - PUBLICATION, DISTRIBUTION, ETC. (IMPRINT)
Place of publication, distribution, etc London
Name of publisher, distributor, etc Andrew Melrose
Date of publication, distribution, etc 1912
300 ## - PHYSICAL DESCRIPTION
Extent xii, 338p.;
Dimensions 23cm.
650 ## - SUBJECT ADDED ENTRY--TOPICAL TERM
Topical term or geographic name as entry element Hunting
Geographic subdivision Africa, Central
9 (RLIN) 21981
942 ## - ADDED ENTRY ELEMENTS (KOHA)
Source of classification or shelving scheme Library of Congress Classification
Item type SPC
Holdings
Withdrawn status Lost status Source of classification or shelving scheme Damaged status Not for loan Collection code Home library Current library Shelving location Date acquired Total Checkouts Full call number Barcode Date last seen Price effective from Koha item type
    Library of Congress Classification     SPECIAL Collection ARRUPE LIBRARY ARRUPE LIBRARY Main Collection 03/02/2016   SPC SK251.D899 46500006103 03/02/2016 03/02/2016 SPC

 

Arrupe Library. PO Box MP320 Mt Pleasant, Harare, Zimbabwe
263 242 745411|librarian@aju.ac.zw